Planning your qualitative research project : an introduction to interpretivist research in education

Αποθηκεύτηκε σε:
Λεπτομέρειες βιβλιογραφικής εγγραφής
Κύριος συγγραφέας: O'Donoghue, T. A. (Tom A.) 1953-
Μορφή: Βιβλίο
Γλώσσα:English
Δημοσίευση: London ; New York : Routledge, [2007]
Θέματα:
Ετικέτες: Προσθήκη ετικέτας
Δεν υπάρχουν, Καταχωρήστε ετικέτα πρώτοι!

MARC

LEADER 00000nam a2200000 i 4500
001 1/83199
008 080418s2007 eng d
020 |a 978-0-415-41485-2 (pbk.) 
020 |a 0-415-41485-7 (pbk.) 
035 |l 10096867 
040 |a GR-MY-UA  |b gre  |e aacr 
041 0 |a eng 
082 0 |a 370.72  |2 (22) 
100 1 |a O'Donoghue, T. A.  |q (Tom A.)  |d 1953- 
245 1 0 |a Planning your qualitative research project :  |b an introduction to interpretivist research in education /  |c Tom O' Donoghue 
260 |a London ; New York :   |b Routledge,   |c [2007] 
300 |a xii, 224 σ.;  |c 23 εκ. 
504 |a Βιβλιογραφία: σ. [199]-216. Ευρετήριο 
650 0 0 |a Education  |x Research  |x Methodology. 
650 0 0 |a Qualitative research. 
852 |a INST  |b LESVOS  |e 20080902  |h 370.72 ODO  |p 005100042069  |q 005100042069  |t BK  |y 0 
852 |a INST  |b RHODES  |e 20080418  |h 370.72 ODO  |p 005400029268  |q 005400029268  |t BK  |y 4  |x 20200225 
901 |a BIBL4-2008-1 
901 |a BIBL1-2008-3 
909 |a Ρ  |b 152341 
909 |a Λ  |b 152412 
922 |a 4ΕΛΗ  |b 200803  |c ΕΠΕΑΕΚ2/ΤΕΠΑΕΣ  |d ΕΛΕΥΘΕΡΟΥΔΑΚΗΣ 
922 |a 1ΕΛΗ  |b 200803  |c ΕΠΕΑΕΚ2/ΤΓ  |d ΕΛΕΥΘΕΡΟΥΔΑΚΗΣ 
970 |a ΧΑΡΙΟΠΟΛΙΤΟΥ  |b ΚΩΝΣΤΑΝΤΙΝΑ  |z 2008/04/18